000 00776nab a2200229 u 4500
001 10350
003 HDC
007 cr bn ---aaaaa
008 210104c mydr|noo 0 a may d
040 _aHDC
245 0 _aNSE lists 67m units of Lotus Halal Equity etf, as Vetiva Securities assures of liquidity
260 _a[No place] :
_bNigerian Tribune,
_c2014
336 _atext
_2rdacontent
337 _acomputer
_2rdamedia
338 _aonline resource
_2rdacarrier
650 _aHalal Equity
_910593
650 _aInvestors
_98723
856 _zRequest full-text at [email protected]
942 _2lcc
942 _cNEWS
942 _kNWSO 000466
999 _c7673
_d7673